000
00317nam a2200145Ia 4500
003
OSt
005
20230717101305.0
008
170524s9999 xx 000 0 und d
040
_c
IIMT UNIVERSITY
100
_a
Singh U K
245
0
_a
Engineering Machanics
260
_b
Krishana
260
_c
2009
942
_2
ddc
_c
02
999
_c
5673
_d
5673